• 首页
  • 本馆介绍
  • 公告通知
  • 最新文献
  • 馆藏检索
  • 电子资源
  • 读者导购
  • 参考咨询
  • 我的图书馆
  • 登录
  • 详细信息显示
  • 放入我的书架
  • 预约/预借图书
  • 作者相关作品
  • 分类相关作品
  • 丛书相关作品
  • 出版社相关作品

书目信息

  • 表格格式
  • 工作单格式
  • 卡片格式
题名:
汽车电路识图
    
 
作者: 张杰 主编
分册:  
出版信息: 北京   北京工业大学出版社  2020.9
页数: 207页
开本: 26cm
丛书名:
单 册:
中图分类: U463.620.2
科图分类:
主题词: 汽车--电气设备--电路图--识图--中等专业教育--教材
电子资源:
ISBN: 978-7-5639-7278-4
000 00812nam0 2200241 45
001 012001000790
005 20140912081024.0
010    @a978-7-5639-7278-4@dCNY43.00
100    @a20210310d2020 em y0chiy50 ea
101 0  @achi
102    @aCN@b110000
105    @aa z 000yy
106    @ar
200 1  @a汽车电路识图@Aqi che dian lu shi tu@b专著@f张杰主编
210    @a北京@c北京工业大学出版社@d2020.9
215    @a207页@c图@d26cm
300    @a中等职业教育立体化精品教材
330    @a本书主要内容包括:初识汽车电路、识读汽车电路图、识读汽车主要系统电路图、识读典型车系汽车电路,共计4个项目18个任务。
606 0  @a汽车@x电气设备@x电路图@x识图@x中等专业教育@j教材
690    @aU463.620.2@v5
701  0 @a张杰@Azhang jie@4主编
801  0 @aCN@bBJSDL@c20211011
905    @b1332161-4@dU463.620.2@e1016@f4
    
    汽车电路识图/张杰主编.-北京:北京工业大学出版社,2020.9
    207页:图;26cm
    中等职业教育立体化精品教材
    
    ISBN 978-7-5639-7278-4:CNY43.00
    本书主要内容包括:初识汽车电路、识读汽车电路图、识读汽车主要系统电路图、识读典型车系汽车电路,共计4个项目18个任务。
●
相关链接 在E读中查询图书 在五车中查询图书 在当当中查询图书 在豆瓣中查询图书


正题名:汽车电路识图     索取号:U463.620.2/1016         预约/预借

序号 登录号 条形码 馆藏地/架位号 状态 备注
1 1332161   213321617   第二样本阅览室/ [索取号:U463.620.2/1016] 在馆    
2 1332162   213321626   第三借阅区/ [索取号:U463.620.2/1016] 在馆    
3 1332163   213321635   第三借阅区/ [索取号:U463.620.2/1016] 在馆    
4 1332164   213321644   第三借阅区/ [索取号:U463.620.2/1016] 在馆    
唐山师范学院图书馆 欢迎您!
大连网信软件有限公司© 版权所有